000 00316nam a2200133Ia 4500
005 20260328101522.0
008 260328s9999||||xx |||||||||||||| ||und||
100 _aCrawshaw, Alwyn
245 0 _aSketching (30 minute ART) /
_cAlwyn Crawshaw
260 _bCollins
300 _a96 p.
650 _aDIBUJO
942 _cBK
999 _c9624
_d9624